000 00626cam a2200169 i 4500
005 20260223094808.0
008 250721s2015 jo gr 000 0 ara d
082 1 4 _a410
_bأ م ي
100 1 _aأمين، سامر محي الدين
_eمؤلف.
245 1 0 _aاختبر معلوماتك في اللغة العربية في سؤال و جواب /
_cسامر محي الدين أمين.
264 3 1 _aعمان :
_bمكتبة ملاك للنشر والتوزيع،
_c2015.
300 _a138صفحة.
650 1 7 _aاللغة العربية.
650 1 7 _aالثقافة.
942 _2ddc
_cBK
999 _c131095
_d131095